000 00264nam a2200109Ia 4500
008 200302s9999 xx 000 0 und d
100 _aHenry Wilson
245 _aFloral Patterns Of India
260 _bThames and Hudson Publishers
260 _c2016
300 _a272 P
999 _c4360
_d4360